[Event "European Blitz 2021"]
[Site "Katowice POL"]
[Date "2021.12.17"]
[Round "20.3"]
[White "Kovalenko, Igor"]
[Black "Danielyan, Vahe"]
[Result "0-1"]
[WhiteTitle "GM"]
[BlackTitle "IM"]
[WhiteElo "2668"]
[BlackElo "2332"]
[WhiteFideId "14117908"]
[BlackFideId "13304828"]
[EventDate "2021.12.17"]

1. d4 Nf6 2. Nf3 b6 3. c4 Bb7 4. e3 g6 5. Nc3 Bg7 6. Bd3 O-O 7. O-O d6 8. e4
Nbd7 9. h3 a6 10. a4 e5 11. a5 bxa5 12. dxe5 Nxe5 13. Nxe5 dxe5 14. Rxa5 Nd7 15.
Bc2 c6 16. Ra3 Nc5 17. Be3 Ne6 18. Na4 Nd4 19. Nc5 Bc8 20. b4 Qb6 21. Bxd4 exd4
22. Nd3 Be6 23. c5 Qb7 24. Bb3 Bd7 25. Bc4 Rfe8 26. Re1 Be6 27. Qc2 Bxc4 28.
Qxc4 Qb5 29. Qxb5 axb5 30. Ra5 Kf8 31. f4 h5 32. Kf2 f5 33. e5 Rxa5 34. bxa5 Ra8
35. Ra1 Kf7 36. a6 Bf8 37. a7 Ke6 38. Ra6 Kd5 39. Nb4+ Kxc5 40. Nxc6 b4 41. Ke2
Kb5 42. Nb8 Bc5 43. e6 b3 44. Kd3 Bxa7 45. e7 Rxb8 46. Rxa7 Kc6 47. Ra1 Kd7 48.
Re1 b2 49. Kxd4 Ke8 50. Rb1 Kxe7 51. Kd5 h4 52. Re1+ Kf6 53. Rb1 g5 54. Kd4 gxf4
55. Kd3 Ke5 56. Re1+ Kd5 57. Rb1 Rb7 58. Kc3 f3 59. gxf3 Ke5 60. Kd3 Kf4 61. Ke2
Rb3 0-1

[Event "European Blitz 2021"]
[Site "Katowice POL"]
[Date "2021.12.17"]
[Round "20.4"]
[White "Schneider, Ilja"]
[Black "Bjerre, Jonas Buhl"]
[Result "1-0"]
[WhiteTitle "IM"]
[BlackTitle "GM"]
[WhiteElo "2479"]
[BlackElo "2586"]
[WhiteFideId "4663306"]
[BlackFideId "1444948"]
[EventDate "2021.12.17"]

1. d4 Nf6 2. Bg5 Ne4 3. Bf4 d5 4. e3 c5 5. Bd3 Nc6 6. Bxe4 dxe4 7. d5 Nb4 8. Nc3
Bf5 9. a3 Na6 10. Nge2 g6 11. h3 Bg7 12. Qd2 h5 13. Ng3 Qa5 14. Ncxe4 Qxd2+ 15.
Kxd2 O-O-O 16. Nc3 Bd7 17. Rad1 e5 18. dxe6 Bxe6+ 19. Kc1 Nc7 20. Nge4 Bf8 21.
Rxd8+ Kxd8 22. Rd1+ Kc8 23. Be5 Rh7 24. Nf6 Rh6 25. Nce4 b6 26. Ng5 Bg7 27. Ng8
Bxe5 28. Nxh6 f6 29. Nxe6 1-0

[Event "European Blitz 2021"]
[Site "Katowice POL"]
[Date "2021.12.17"]
[Round "20.5"]
[White "Wieczorek, Oskar"]
[Black "Kowalski, Igor"]
[Result "1-0"]
[WhiteTitle "GM"]
[BlackTitle "IM"]
[WhiteElo "2500"]
[BlackElo "2370"]
[WhiteFideId "1133950"]
[BlackFideId "1172468"]
[EventDate "2021.12.17"]

1. e4 e6 2. d4 d5 3. Nd2 Be7 4. c3 c5 5. exd5 Qxd5 6. Ngf3 Nc6 7. Bc4 Qd8 8.
dxc5 Bxc5 9. O-O Nf6 10. Qe2 Qc7 11. Nb3 Be7 12. Bg5 h6 13. Bh4 O-O 14. Rad1 e5
15. Nbd2 Bg4 16. h3 Bh5 17. g4 Bg6 18. Bg3 Bd6 19. Nh4 Bh7 20. Ndf3 Rad8 21. g5
hxg5 22. Nxg5 e4 23. Rxd6 Rxd6 24. Nxh7 Nxh7 25. Qxe4 Qd7 26. Bxd6 Qxd6 27. Nf5
Qg6+ 28. Qg4 Qf6 29. Re1 Ne5 30. Rxe5 Qxe5 31. Nh6+ Kh8 32. Nxf7+ Rxf7 33. Bxf7
Qe1+ 34. Kg2 Qe7 35. Bg6 Nf6 36. Qc8+ Ng8 37. Qf5 Nf6 38. h4 Qd8 39. h5 a6 40.
Qe6 Qf8 41. a4 a5 42. Qf5 Qd8 43. Qg5 Qd6 44. Qxa5 Qc6+ 45. Kg1 Qe6 46. Qa8+ Ng8
47. Qxb7 Qg4+ 48. Qg2 Qd1+ 49. Kh2 Qd2 50. Qg3 Qxb2 51. a5 Qa3 52. Qe5 Qb2 53.
Kg2 Qb7+ 54. Be4 Qd7 55. Qf5 1-0

[Event "European Blitz 2021"]
[Site "Katowice POL"]
[Date "2021.12.17"]
[Round "20.6"]
[White "Janik, Igor"]
[Black "Balog, Imre"]
[Result "1-0"]
[WhiteTitle "IM"]
[BlackTitle "GM"]
[WhiteElo "2525"]
[BlackElo "2577"]
[WhiteFideId "1159259"]
[BlackFideId "728446"]
[EventDate "2021.12.17"]

1. e4 e6 2. Qe2 c5 3. Nf3 Nc6 4. g3 g6 5. Bg2 Bg7 6. O-O d6 7. d3 Nge7 8. Nc3 a6
9. h4 h5 10. Bg5 b5 11. Rae1 Qb6 12. Nd5 exd5 13. exd5 O-O 14. dxc6 Nxc6 15. c3
Bg4 16. Qd2 b4 17. Bh6 Rae8 18. Bxg7 Kxg7 19. Ng5 Bd7 20. Rxe8 Bxe8 21. Re1 bxc3
22. bxc3 Bd7 23. Bd5 Ne5 24. d4 cxd4 25. cxd4 Ng4 26. Qf4 Nf6 27. Re7 Qb1+ 28.
Kg2 Bb5 29. Ne6+ Kg8 30. Qxf6 1-0

[Event "European Blitz 2021"]
[Site "Katowice POL"]
[Date "2021.12.17"]
[Round "20.7"]
[White "Bernadskiy, Vitaliy"]
[Black "Durarbayli, Vasif"]
[Result "1-0"]
[WhiteTitle "GM"]
[BlackTitle "GM"]
[WhiteElo "2599"]
[BlackElo "2615"]
[WhiteFideId "14100371"]
[BlackFideId "13402935"]
[EventDate "2021.12.17"]

1. e4 c5 2. Nc3 a6 3. d4 cxd4 4. Qxd4 Nc6 5. Qe3 g6 6. Nf3 Bh6 7. Qe2 Bg7 8. Nd5
Nf6 9. c3 O-O 10. h4 d6 11. Nxf6+ exf6 12. h5 Re8 13. hxg6 hxg6 14. Bf4 d5 15.
O-O-O Qa5 16. Qd2 Qxa2 17. Bh6 Na5 18. Bxg7 Nb3+ 19. Kc2 Nxd2 20. Bxf6 Qb3+ 21.
Kc1 1-0

[Event "European Blitz 2021"]
[Site "Katowice POL"]
[Date "2021.12.17"]
[Round "20.8"]
[White "Vetoshko, Volodymyr"]
[Black "Motylev, Alexander"]
[Result "1/2-1/2"]
[WhiteTitle "GM"]
[BlackTitle "GM"]
[WhiteElo "2501"]
[BlackElo "2633"]
[WhiteFideId "14122480"]
[BlackFideId "4121830"]
[EventDate "2021.12.17"]

1. e4 c6 2. d4 d5 3. e5 c5 4. dxc5 e6 5. a3 Bxc5 6. Nf3 Ne7 7. b4 Bb6 8. Bd3 Nd7
9. O-O Ng6 10. Bb2 O-O 11. c4 Bc7 12. cxd5 exd5 13. Qc2 Re8 14. Re1 Ndxe5 15.
Nxe5 Nxe5 16. Bxh7+ Kh8 17. Nd2 Bd7 18. Bf5 Rc8 19. Bxd7 Qxd7 20. Qb3 Kg8 21.
Rad1 Rcd8 22. Nf3 Nxf3+ 23. Qxf3 Rxe1+ 24. Rxe1 d4 25. Qd3 Bb6 26. g3 a5 27.
bxa5 Bxa5 28. Rd1 Bb6 29. Qb3 Bc5 30. Rd3 b6 31. Qd1 Re8 32. Qf3 Qh3 33. Qd1 Re6
34. Bxd4 Rh6 35. Bxc5 Qxh2+ 36. Kf1 bxc5 37. Rd8+ Kh7 38. Qd3+ Rg6 39. Qf3 Rf6
40. Qe4+ g6 41. Qh4+ Qxh4 42. gxh4 Rf4 43. Rc8 c4 44. a4 Rxh4 45. a5 Rh5 46.
Rxc4 Rxa5 47. Kg2 Ra3 48. Rb4 Kg7 49. Rb6 g5 50. Rc6 f6 51. Rb6 Kg6 52. Rb5 Kh5
53. Rb6 Kg6 54. Rb5 Kh5 55. Rb6 f5 56. Rb5 Kg4 57. Rb4+ f4 58. Rb5 Kh4 59. Rb8
f3+ 60. Kh2 Ra2 61. Kg1 Ra1+ 62. Kh2 Ra2 63. Kg1 Kg4 64. Rc8 Ra4 65. Rb8 Kf4 66.
Rf8+ Kg4 67. Rb8 Kh3 68. Rh8+ Rh4 69. Rg8 g4 70. Rg7 Rh6 71. Rg8 Kh4 72. Rb8 Re6
73. Rh8+ Kg5 74. Rg8+ Rg6 75. Rb8 Re6 76. Rg8+ Kf5 77. Rf8+ Rf6 78. Rb8 Re6 79.
Rf8+ Ke4 80. Rg8 Kd3 81. Rxg4 Ke2 82. Rg8 Ke1 83. Rg7 Re2 84. Ra7 Rb2 85. Re7+
Re2 86. Ra7 Rb2 87. Re7+ Re2 1/2-1/2

[Event "European Blitz 2021"]
[Site "Katowice POL"]
[Date "2021.12.17"]
[Round "20.10"]
[White "Szpar, Milosz"]
[Black "Tazbir, Marcin"]
[Result "0-1"]
[WhiteTitle "FM"]
[BlackTitle "GM"]
[WhiteElo "2434"]
[BlackElo "2508"]
[WhiteFideId "1184989"]
[BlackFideId "1122452"]
[EventDate "2021.12.17"]

1. e4 c5 2. Nf3 d6 3. d4 Nf6 4. Nc3 cxd4 5. Qxd4 a6 6. e5 Nc6 7. Qa4 dxe5 8.
Nxe5 Bd7 9. Nxd7 Qxd7 10. Be3 e6 11. a3 Rc8 12. Be2 Bd6 13. Rd1 Qc7 14. Qh4 Ne7
15. Qa4+ Nc6 16. Qh4 Be5 17. O-O O-O 18. Bd3 Ne7 19. Bd2 Ng6 20. Qh3 Bf4 21.
Bxg6 hxg6 22. Bxf4 Qxf4 23. Qd3 Rc6 24. Qd4 Qf5 25. Rd3 e5 26. Qb4 b5 27. Rfd1
Re8 28. h3 e4 29. Rd8 Re6 30. Rxe8+ Rxe8 31. Rd2 e3 32. fxe3 Rxe3 33. Qh4 Re8
34. Qf2 Qg5 35. Kh2 Ne4 36. Nxe4 Rxe4 37. Rd8+ Qxd8 0-1

[Event "European Blitz 2021"]
[Site "Katowice POL"]
[Date "2021.12.17"]
[Round "20.11"]
[White "Sumets, Andrey"]
[Black "Keinanen, Toivo"]
[Result "1/2-1/2"]
[WhiteTitle "GM"]
[BlackTitle "IM"]
[WhiteElo "2524"]
[BlackElo "2468"]
[WhiteFideId "14105500"]
[BlackFideId "509825"]
[EventDate "2021.12.17"]

1. d4 d5 2. c4 e6 3. Nf3 Nf6 4. g3 Be7 5. Bg2 O-O 6. Qc2 Nbd7 7. O-O c6 8. Nbd2
b6 9. e4 dxc4 10. Nxc4 Bb7 11. e5 Nd5 12. h4 Re8 13. Ng5 Nf8 14. Ne4 Ba6 15. Rd1
Bxc4 16. Qxc4 Qd7 17. Bg5 Rec8 18. Bxe7 Qxe7 19. Nd6 Rc7 20. Rac1 Rd8 21. b4 Nd7
22. a3 b5 23. Qb3 N7b6 24. Rc5 Nc8 25. Bxd5 exd5 26. Nf5 Qd7 27. Qf3 Nb6 28. Nd6
Nc4 29. Nxc4 bxc4 30. h5 h6 31. g4 Qe7 32. Kg2 Ra8 33. Rb1 Qd7 34. b5 Rd8 35. a4
cxb5 36. Rbxb5 Rxc5 37. Rxc5 Qxa4 38. Rc7 Qe8 39. Rxa7 Qe6 40. Rc7 Rc8 41. Ra7
c3 42. Ra1 c2 43. Rc1 Rc4 44. Qf5 Qxf5 45. gxf5 Kf8 46. Kf3 Ke7 47. Ke3 Rc3+ 48.
Ke2 Kd7 49. Kd2 Rf3 50. Ke2 Rxf5 51. Rxc2 Rxh5 52. Ra2 Rh4 53. Ke3 1/2-1/2

[Event "European Blitz 2021"]
[Site "Katowice POL"]
[Date "2021.12.17"]
[Round "20.12"]
[White "Lewtak, Damian"]
[Black "Donchenko, Alexander"]
[Result "0-1"]
[WhiteTitle "IM"]
[BlackTitle "GM"]
[WhiteElo "2383"]
[BlackElo "2636"]
[WhiteFideId "1141724"]
[BlackFideId "24603295"]
[EventDate "2021.12.17"]

1. d4 d5 2. c3 Nf6 3. Bf4 c5 4. e3 Nc6 5. Nd2 Bf5 6. Bb5 e6 7. Ngf3 Bd6 8. Qa4
O-O 9. Bxc6 bxc6 10. Bxd6 Qxd6 11. Qa3 Nd7 12. Nb3 Bd3 13. Nxc5 Nxc5 14. Qxc5
Qb8 15. b3 f6 16. Qxc6 Re8 17. Kd2 Be4 18. Rhc1 Bxf3 19. gxf3 Qxh2 20. Ke2 Qh3
21. Qb5 Rac8 22. Qd3 Rc6 23. Rh1 Qf5 24. Qxf5 exf5 25. Kd3 g6 26. c4 dxc4+ 27.
bxc4 h5 28. c5 Kf7 29. Kc4 Ra6 30. a4 Rb8 31. Rhb1 Rxb1 32. Rxb1 Rxa4+ 33. Kd5
h4 34. c6 Ke7 35. Rb7+ Kd8 36. Kd6 Ke8 37. c7 Ra6+ 38. Kc5 Kd7 39. d5 Ra5+ 40.
Kd4 Ra4+ 41. Kc5 h3 42. d6 Ra5+ 43. Kb4 Ra6 44. Rb8 Rb6+ 45. Kc5 Rc6+ 46. Kb5
Kxd6 47. c8=Q Rxc8 48. Rxc8 g5 49. Rh8 g4 50. fxg4 fxg4 51. Kc4 Ke5 52. Kd3 a5
53. Ra8 Kf5 54. Rxa5+ Kg6 55. Ke2 h2 56. Ra1 Kg5 57. Rh1 0-1

[Event "European Blitz 2021"]
[Site "Katowice POL"]
[Date "2021.12.17"]
[Round "20.13"]
[White "Pultinevicius, Paulius"]
[Black "Kosakowski, Jakub"]
[Result "1-0"]
[WhiteTitle "GM"]
[BlackTitle "IM"]
[WhiteElo "2546"]
[BlackElo "2437"]
[WhiteFideId "12809390"]
[BlackFideId "1185080"]
[EventDate "2021.12.17"]

1. d4 Nf6 2. c4 e6 3. Nf3 d5 4. Nc3 Bb4 5. Qa4+ Nc6 6. e3 O-O 7. Qc2 Re8 8. Bd2
dxc4 9. Bxc4 Bd6 10. O-O e5 11. Ng5 Rf8 12. Nd5 g6 13. Nxf6+ Qxf6 14. Ne4 Qe7
15. Nxd6 Qxd6 16. d5 Nb4 17. Qb3 Na6 18. e4 Nc5 19. Qa3 a5 20. Rfe1 Bd7 21. Rac1
b6 22. Bh6 Rfe8 23. Qg3 c6 24. Rcd1 Qe7 25. Bg5 Qf8 26. Bf6 cxd5 27. Bxd5 Rac8
28. Bxe5 Be6 29. Qf4 Bxd5 30. exd5 Nd7 31. Bc3 Qc5 32. Qh6 f6 33. Qd2 Qc4 34. h3
Qxa2 35. Re6 Qc4 36. Rde1 Kf7 37. Qh6 1-0

[Event "European Blitz 2021"]
[Site "Katowice POL"]
[Date "2021.12.17"]
[Round "20.14"]
[White "Mirzoev, Emil"]
[Black "Brodowski, Piotr"]
[Result "1-0"]
[WhiteTitle "GM"]
[BlackTitle "IM"]
[WhiteElo "2474"]
[BlackElo "2443"]
[WhiteFideId "14108640"]
[BlackFideId "1124480"]
[EventDate "2021.12.17"]

1. d4 c5 2. d5 d6 3. c4 e5 4. Nc3 Be7 5. g3 Nf6 6. Bg2 O-O 7. e4 a6 8. a4 Ne8 9.
Nge2 Nd7 10. O-O g6 11. Bh6 Ng7 12. Qd2 Nf6 13. h3 Kh8 14. Nc1 Ng8 15. Be3 f5
16. Nd3 Nh5 17. Kh2 Bf6 18. f4 exf4 19. Nxf4 Ng7 20. a5 Bd7 21. Nd3 Qc7 22. Bf4
Rae8 23. Rae1 Nh5 24. Be3 Qxa5 25. exf5 Bxf5 26. Nf4 Ng7 27. g4 Bd7 28. Kh1 Qd8
29. Ne4 Be5 30. b4 b6 31. bxc5 bxc5 32. Nd3 Nf6 33. Nxe5 Nxe4 34. Rxf8+ Rxf8 35.
Bxe4 dxe5 36. Bxc5 Rf4 37. Bg2 Rxc4 38. Bd6 Rd4 39. Qh6 Qa5 40. Rf1 Rf4 41. Rxf4
exf4 42. Qxf4 h5 43. Be5 hxg4 44. Qh6+ 1-0

[Event "European Blitz 2021"]
[Site "Katowice POL"]
[Date "2021.12.17"]
[Round "20.15"]
[White "Gumularz, Szymon"]
[Black "Plat, Vojtech"]
[Result "1-0"]
[WhiteTitle "GM"]
[BlackTitle "GM"]
[WhiteElo "2539"]
[BlackElo "2546"]
[WhiteFideId "1188062"]
[BlackFideId "325740"]
[EventDate "2021.12.17"]

1. e4 g6 2. d4 Bg7 3. Nf3 d6 4. c3 Nf6 5. Bd3 O-O 6. O-O Nc6 7. h3 e5 8. Re1 Re8
9. d5 Ne7 10. c4 a5 11. Nc3 Nd7 12. Bc2 Nc5 13. Be3 b6 14. Rb1 f5 15. exf5 Nxf5
16. Bg5 Bf6 17. Bxf6 Qxf6 18. a3 Bd7 19. b4 axb4 20. axb4 Nb7 21. Ne4 Qf8 22.
Qd2 h6 23. Ra1 Kg7 24. Qc3 Kh7 25. Rxa8 Rxa8 26. c5 bxc5 27. bxc5 Nxc5 28. Nxc5
dxc5 29. Nxe5 Be8 30. Bxf5 gxf5 31. Nd3 Bf7 32. Re5 Qd6 33. Rxf5 Bg6 34. Rf6
Qxd5 35. Rxg6 1-0

[Event "European Blitz 2021"]
[Site "Katowice POL"]
[Date "2021.12.17"]
[Round "20.16"]
[White "Niedbala, Bartlomiej"]
[Black "Sadzikowski, Daniel"]
[Result "1-0"]
[WhiteTitle "FM"]
[BlackTitle "GM"]
[WhiteElo "2385"]
[BlackElo "2525"]
[WhiteFideId "21834008"]
[BlackFideId "1132253"]
[EventDate "2021.12.17"]

1. Nf3 d5 2. g3 Nd7 3. Bg2 e5 4. d4 e4 5. Ne5 Ngf6 6. O-O Bd6 7. Nxd7 Bxd7 8. c4
c6 9. cxd5 cxd5 10. Bg5 h6 11. Bxf6 Qxf6 12. Nc3 Bc6 13. Qb3 Qg5 14. Nb5 Bb8 15.
h4 Qd8 16. Qb4 Qe7 17. Qxe7+ Kxe7 18. Nc3 f5 19. b4 Kd6 20. Bh3 Bd7 21. f3 e3
22. f4 a5 23. Bg2 Be6 24. b5 Ba7 25. b6 Bxb6 26. Rab1 Ra6 27. Nb5+ Kd7 28. Rf3
Rc8 29. Rxe3 Rc4 30. Rd3 Bc7 31. e3 b6 32. Bf1 Ra8 33. Rd2 Ra4 34. Rc1 Bd8 35.
Rdc2 Rb4 36. Nc7 Ra7 37. Nxe6 Kxe6 38. Rc6+ Ke7 39. Bg2 Rd7 40. R1c2 Rb1+ 41.
Kf2 a4 42. h5 a3 43. Bh3 Rb2 44. Bxf5 Rc7 45. Rxc7+ Bxc7 46. Kf3 Bd6 47. g4 b5
48. Ke2 b4 49. Rxb2 axb2 50. Kd2 Kd8 51. Kc2 Be7 52. Kxb2 Bh4 53. Kc2 Ke7 54.
Kd3 Kd6 55. Bg6 Bf2 56. g5 Bh4 57. gxh6 gxh6 58. Be8 Bf2 59. Ke2 Bh4 60. Kf3 Be1
61. Ba4 Bd2 62. Bb3 Be1 63. Ke2 Bh4 64. Kf3 Be1 65. e4 dxe4+ 66. Kxe4 Bd2 67.
Bg8 Bc1 68. Bh7 Bd2 69. Bg6 Bc1 70. Bf7 Bd2 71. Bc4 Bc1 72. f5 Bg5 73. Bf7 Bf6
74. Be6 Bg7 75. Kd3 Bf6 76. Kc4 Bg7 77. d5 Bc3 78. f6 Bxf6 79. Kxb4 Bh4 80. Kb5
Kc7 81. Kc4 Bf2 82. Kb5 Be3 83. Bf7 Bf2 84. a4 Be3 85. Kc4 Kd6 86. Kd3 Bb6 87.
Ke4 Ke7 88. Bg6 Kd6 89. Bf5 Ke7 90. Bg4 Kd6 91. Bf3 Bc7 92. Kd3 Bb6 93. Kc4 Kc7
94. Kb5 Be3 95. a5 Kd6 96. Ka6 Kc7 97. Bg2 Bf2 98. Be4 Be3 99. Kb5 Kd6 100. Kc4
Bg1 101. Bf5 Be3 102. Be6 Bd2 103. Kb5 Be3 104. a6 Kc7 105. Kc4 Kd6 106. Bc8 Bf2
107. Bb7 Be3 108. Kd3 Bg1 109. Ke4 Bf2 110. Kf5 Be3 111. Kf6 Bd4+ 112. Kf7 Kd7
113. Bc6+ Kd6 114. Ke8 Bb6 115. Bb7 Kc7 116. Ba8 Kd6 117. Bc6 Kc7 118. Ke7 Bc5+
119. Ke6 Kd8 120. d6 Bf2 121. Bb7 Bc5 122. Kd5 Bf2 123. Bc6 Kc8 124. Ke6 Kd8
125. Ke5 Bg3+ 126. Kd5 Bf2 127. Bb5 Kc8 128. Kc6 Kb8 129. Bc4 Bg3 130. Bd5 Be1
131. Kb5 Bg3 132. Kc5 Be1 133. Kc6 Bb4 134. Kd7 Ba3 135. Bc6 Bc5 136. Ke6 Kc8
137. Bb5 Kd8 138. Bc4 Be3 139. Kd5 Bf2 140. Kc6 Be3 141. Be6 Bf2 142. Kb7 1-0

[Event "European Blitz 2021"]
[Site "Katowice POL"]
[Date "2021.12.17"]
[Round "20.17"]
[White "Nasuta, Grzegorz"]
[Black "Mis, Mieszko"]
[Result "1-0"]
[WhiteTitle "GM"]
[BlackTitle "FM"]
[WhiteElo "2521"]
[BlackElo "2417"]
[WhiteFideId "1141686"]
[BlackFideId "1196448"]
[EventDate "2021.12.17"]

1. e4 c6 2. Nf3 d5 3. Nc3 a6 4. d4 Bg4 5. exd5 cxd5 6. h3 Bxf3 7. Qxf3 e6 8. Bd3
Nc6 9. Ne2 Nb4 10. c3 Nxd3+ 11. Qxd3 Bd6 12. Bf4 Nf6 13. O-O O-O 14. Rfe1 Bxf4
15. Nxf4 Qd6 16. Qe3 b5 17. Nd3 Nd7 18. Re2 Rfc8 19. Rae1 a5 20. a3 Nb6 21. f4
Qf8 22. Qf3 g6 23. g4 Kh8 24. f5 exf5 25. gxf5 Re8 26. Rxe8 Rxe8 27. Rxe8 Qxe8
28. fxg6 hxg6 29. Qf6+ Kh7 30. Qxb6 Qe3+ 31. Nf2 Qc1+ 32. Kg2 Qg5+ 33. Kf3 Qf5+
34. Ke2 Qc2+ 35. Ke3 Qxb2 36. Qxa5 Qc1+ 37. Kf3 Qb2 38. Qb4 Qd2 39. Qxb5 Qxc3+
40. Qd3 Qa1 41. Qe3 Qa2 42. Ng4 Qb1 43. Qh6+ 1-0

[Event "European Blitz 2021"]
[Site "Katowice POL"]
[Date "2021.12.17"]
[Round "20.18"]
[White "Zakrzewski, Marek"]
[Black "Kyc, Jerzy"]
[Result "0-1"]
[WhiteTitle "FM"]
[WhiteElo "2287"]
[BlackElo "2250"]
[WhiteFideId "1170694"]
[BlackFideId "1163922"]
[EventDate "2021.12.17"]

1. e4 c5 2. Nf3 d6 3. Bb5+ Bd7 4. Bxd7+ Qxd7 5. c4 Nf6 6. Nc3 g6 7. d4 cxd4 8.
Nxd4 Bg7 9. f3 O-O 10. Be3 Nc6 11. O-O Rac8 12. b3 Rfd8 13. Qd2 e6 14. Rac1 d5
15. cxd5 exd5 16. exd5 Nxd5 17. Nxc6 bxc6 18. Nxd5 cxd5 19. Bd4 Qf5 20. Bxg7
Kxg7 21. Qd4+ Kg8 22. Qxa7 d4 23. Rfd1 Rxc1 24. Rxc1 Qf4 25. Qc7 Qe3+ 26. Kf1
Re8 27. Qc2 d3 28. Qd1 d2 29. Rb1 Qd3+ 30. Kf2 h5 31. b4 Re1 32. Qxe1 dxe1=Q+
33. Rxe1 Qd4+ 34. Kg3 Qxb4 35. Re4 Qa3 36. Re2 Kg7 37. h4 f6 38. Kh3 g5 39. hxg5
fxg5 40. Kg3 Qa4 41. Kf2 Kf6 42. Kf1 Kf5 43. Kf2 Qd4+ 44. Kf1 Qa7 45. Rd2 Kf4
46. Re2 Kg3 47. Rd2 Qe3 48. Re2 Qc1+ 49. Re1 Qc4+ 50. Re2 h4 51. a4 h3 52. gxh3
Kxf3 0-1

[Event "European Blitz 2021"]
[Site "Katowice POL"]
[Date "2021.12.17"]
[Round "20.19"]
[White "Gerasimenyuk, Mikhail"]
[Black "Wisniewski, Michal"]
[Result "1-0"]
[WhiteTitle "FM"]
[BlackTitle "FM"]
[WhiteElo "2136"]
[BlackElo "2103"]
[WhiteFideId "14111845"]
[BlackFideId "1159682"]
[EventDate "2021.12.17"]

1. d4 Nf6 2. Nf3 g6 3. Bg5 Bg7 4. e3 c5 5. c3 O-O 6. Nbd2 Nc6 7. Bd3 d6 8. h4
Bg4 9. Bxf6 Bxf6 10. h5 e5 11. hxg6 fxg6 12. dxe5 dxe5 13. Qb3+ Kg7 14. Qxb7+
Ne7 15. Qa6 Rb8 16. O-O-O Rb6 17. Qc4 Be6 18. Qxc5 Qxd3 19. Nxe5 Qb5 20. Qxb5
Rxb5 21. Nef3 Bxa2 22. Ne4 Bd5 23. Nxf6 Rxf6 24. e4 Be6 25. e5 Rxf3 26. gxf3
Rxe5 27. f4 Re4 28. Rd6 Nf5 29. Ra6 h5 30. f3 Re3 31. Kd2 Kf6 32. Rxa7 Rxf3 33.
Re1 Rxf4 34. Ra6 Ng7 35. b4 h4 36. b5 h3 37. b6 Rf2+ 38. Kc1 Rf5 39. c4 Rc5 40.
Re4 h2 41. Re1 Rxc4+ 42. Kd2 Rb4 43. Kc3 Rb3+ 44. Kc2 Nf5 45. Rxe6+ Kxe6 46. b7+
Ke5 47. Kxb3 h1=Q 48. b8=Q+ 1-0

[Event "European Blitz 2021"]
[Site "Katowice POL"]
[Date "2021.12.17"]
[Round "20.20"]
[White "Sharankov, Grigory"]
[Black "Malek, Jan"]
[Result "1-0"]
[WhiteElo "2238"]
[BlackElo "2149"]
[WhiteFideId "4168356"]
[BlackFideId "21864080"]
[EventDate "2021.12.17"]

1. d4 Nf6 2. Nc3 d5 3. Bf4 a6 4. e3 c5 5. Nf3 Nc6 6. Be2 Bg4 7. O-O e6 8. h3 Bh5
9. Ne5 Bxe2 10. Nxe2 cxd4 11. exd4 Bd6 12. Re1 O-O 13. Nxc6 bxc6 14. Bxd6 Qxd6
15. Nc3 c5 16. dxc5 Qxc5 17. Na4 Qc6 18. b3 Rfd8 19. Rc1 Rac8 20. Qe2 Qb5 21.
Nb2 Qa5 22. Na4 d4 23. Red1 Qb5 24. c4 Qf5 25. c5 d3 26. Qf3 Qxf3 27. gxf3 Nh5
28. Rc4 e5 29. c6 Rd6 30. c7 Nf4 31. Nb2 Rd7 32. Kh2 f6 33. b4 Kf7 34. a4 Rdxc7
35. Rxc7+ Rxc7 36. Nxd3 Rd7 37. Nxe5+ fxe5 38. Rxd7+ Kf6 39. b5 axb5 40. axb5 1-0

[Event "European Blitz 2021"]
[Site "Katowice POL"]
[Date "2021.12.17"]
[Round "20.21"]
[White "Janaszak, Dawid"]
[Black "Walter, Szymon"]
[Result "0-1"]
[WhiteTitle "FM"]
[BlackTitle "FM"]
[WhiteElo "2333"]
[BlackElo "2286"]
[WhiteFideId "1119206"]
[BlackFideId "1172590"]
[EventDate "2021.12.17"]

1. e4 c5 2. Nc3 Nc6 3. Bb5 Nd4 4. Nf3 e6 5. O-O a6 6. Bd3 Nxf3+ 7. Qxf3 Ne7 8.
b3 Nc6 9. Qg3 g6 10. e5 Bg7 11. f4 d5 12. exd6 Qxd6 13. Bb2 O-O 14. Ne4 Qe7 15.
Bxg7 Kxg7 16. Rae1 Nd4 17. c3 Nf5 18. Qf2 b6 19. g4 Nh6 20. Qg3 f5 21. Nf2 Bb7
22. g5 Nf7 23. Bc4 Nd8 24. Qe3 b5 25. Be2 Nf7 26. Bf3 Bxf3 27. Qxf3 e5 28. fxe5
Nxg5 29. Qg2 Ne6 30. Nd1 Rad8 31. Ne3 Qg5 32. Rf2 Rd3 33. Kf1 Qxg2+ 34. Kxg2
Rfd8 35. Nf1 h5 36. Re3 h4 37. h3 c4 38. Rff3 Rxe3 39. Rxe3 f4 40. Re4 Nc5 41.
Rxf4 Nd3 42. Rxh4 0-1

[Event "European Blitz 2021"]
[Site "Katowice POL"]
[Date "2021.12.17"]
[Round "20.22"]
[White "Koziorowicz, Michal"]
[Black "Blohberger, Felix"]
[Result "1-0"]
[BlackTitle "IM"]
[WhiteElo "2309"]
[BlackElo "2503"]
[WhiteFideId "21809194"]
[BlackFideId "1632051"]
[EventDate "2021.12.17"]

1. e4 Nf6 2. e5 Nd5 3. Nc3 Nxc3 4. dxc3 d6 5. exd6 Qxd6 6. Bd3 Nc6 7. Nf3 Bg4 8.
h3 Bh5 9. Qe2 O-O-O 10. Be3 Bxf3 11. gxf3 e6 12. O-O-O Qe5 13. f4 Qa5 14. Kb1
Bd6 15. Be4 Ne7 16. Bd4 Nf5 17. Bxf5 Qxf5 18. Bxg7 Rhg8 19. Be5 Bxe5 20. Rxd8+
Rxd8 21. fxe5 a6 22. Qe3 Kb8 23. a3 Rd5 24. Rg1 b6 25. f4 a5 26. c4 Rd8 27. c5
Ka7 28. cxb6+ cxb6 29. Qc3 Kb7 30. Qf3+ Ka6 31. Rg5 Rd1+ 32. Qxd1 Qxf4 33. Qe2+
Ka7 34. Rg1 a4 35. Rf1 1-0

[Event "European Blitz 2021"]
[Site "Katowice POL"]
[Date "2021.12.17"]
[Round "20.23"]
[White "Laurusas, Tomas"]
[Black "Budrewicz, Krzysztof"]
[Result "0-1"]
[WhiteTitle "IM"]
[WhiteElo "2557"]
[BlackElo "2183"]
[WhiteFideId "12803731"]
[BlackFideId "1127950"]
[EventDate "2021.12.17"]

1. h3 e5 2. a3 d5 3. b3 Nf6 4. Bb2 Bd6 5. g3 O-O 6. Bg2 e4 7. e3 Nc6 8. d4 Ne7
9. Ne2 a5 10. a4 c6 11. Ba3 Nf5 12. c4 Be6 13. Qc2 h5 14. Nd2 Bxa3 15. Rxa3 Qe7
16. Ra1 g6 17. c5 Qd7 18. Nf4 g5 19. Ne2 h4 20. g4 Ne7 21. f4 exf3 22. Bxf3 Ng6
23. Kd1 Rfb8 24. Kc1 Kg7 25. Kb2 b6 26. cxb6 Rxb6 27. Qc5 Qb7 28. Ka2 Rb8 29.
Rab1 Nd7 30. Qxa5 Rb4 31. Ka3 Ne7 32. Rhc1 c5 33. Rxc5 Nxc5 34. Qxc5 Rb6 35. Qc3
Nc6 36. e4 Qe7+ 37. Kb2 Nb4 38. Qe3 Rc8 39. Nc3 Rxc3 40. Qxc3 Rc6 41. Qxc6 Nxc6
42. exd5 Nxd4 43. dxe6 Nxf3 44. Nc4 Qxe6 45. a5 Ne5 46. Nd2 Nd3+ 47. Kc3 Nc5 48.
b4 Ne4+ 49. Nxe4 Qxe4 50. Rd1 f5 51. gxf5 Qxf5 52. Rd3 g4 53. hxg4 Qxg4 54. a6
Qc8+ 55. Kd4 Qxa6 56. Rb3 Qb5 0-1